[Event "RUS-chT 07th"]
[Site "Smolensk"]
[Date "2000.04.22"]
[Round "8"]
[White "Maiorov, Oleg Ivanovich"]
[Black "Ozgibcev, Anatoly"]
[Result "1-0"]
[WhiteElo "2436"]
[BlackElo "2447"]
[Annotator "Mueller,Karsten"]
[PlyCount "47"]
[EventDate "2000.04.15"]
[EventType "team-tourn"]
[EventRounds "11"]
[EventCountry "RUS"]
[SourceTitle "CBM 077"]
[Source "ChessBase"]
[SourceDate "2000.07.27"]
[SourceVersion "1"]
[SourceVersionDate "2000.07.27"]
[SourceQuality "1"]
[WhiteTeam "Maykop Universitet"]
[BlackTeam "Nizhny Tagil Politekhnik"]
[WhiteTeamCountry "RUS"]
[BlackTeamCountry "RUS"]

1. e4 d5 2. exd5 Nf6 3. d4 Bg4 4. Nf3 Qxd5 5. Nc3 Qh5 6. Be2 Nc6 7. Bf4 O-O-O
8. Qd2 e6 $6 9. h3 Bxf3 $6 10. Bxf3 Qa5 11. Bxc6 bxc6 12. Ne2 Qd5 $2 ({Es war
besser mit} 12... Qxd2+ 13. Bxd2 c5 $14 {ins Endspiel zu gehen. Nach dem
Partiezug gerät der schwarze Monarch zunehmend unter Beschuß.}) 13. O-O g5 $6
14. c4 $1 Qf5 15. Bg3 h5 16. d5 $1 {[%mdl 128] räumt das Feld d4 für den
Springer und öffnet Zugstraßen am Damenflügel} exd5 $6 17. Qa5 $18 Ne8 (17...
Bd6 18. Nd4 Qg6 19. Qa6+ Kd7 20. Bxd6 Kxd6 21. Qxc6+ $18) 18. Nd4 Qf6 19. Qa6+
Kd7 20. Be5 $1 Qxe5 21. Qxc6+ Kc8 22. Qa6+ Kd7 23. Qb5+ Kc8 24. Nc6 (24. Nc6
Qf6 25. Nxa7#) 1-0

[Event "YUG-ch 57th"]
[Site "Banja Koviljaca"]
[Date "2002.03.28"]
[Round "12"]
[White "Pikula, Dejan"]
[Black "Savic, Miodrag R"]
[Result "1/2-1/2"]
[WhiteElo "2466"]
[BlackElo "2469"]
[Annotator "Mueller,Karsten"]
[PlyCount "60"]
[EventDate "2002.03.16"]
[EventType "tourn"]
[EventRounds "13"]
[EventCountry "YUG"]
[EventCategory "10"]
[SourceTitle "CBM 089"]
[Source "ChessBase"]
[SourceDate "2002.08.12"]
[SourceVersion "1"]
[SourceVersionDate "2002.08.12"]
[SourceQuality "1"]

1. e4 d5 2. exd5 Qxd5 3. Nc3 Qa5 4. d4 Nf6 5. Nf3 c6 6. Ne5 Nbd7 7. Nc4 Qd8 (
7... Qc7 8. g3 (8. Qf3 $5 Nb6 9. Bf4 Qd8 10. Be5 $14) 8... Nb6 9. Bf4 Qd8 10.
Ne5 Nbd5 11. Bd2 Nxc3 12. Bxc3 {1/2-1/2 Oral,T-Babula,V/Olomouc 1998/CBM 67/
[Mueller,Karsten] (12)}) 8. Bf4 (8. d5 Nb8 9. Ne3 Bd7 10. Bc4 g6 11. O-O Bg7
12. Re1 O-O 13. a4 cxd5 14. Nexd5 Nxd5 15. Bxd5 Bc6 $11 {1/2-1/2 Fernandez
Garcia,J-Hodgson,J/Linares 1995/CBM 51 (56)}) 8... Nb6 9. Ne5 Nbd5 (9... Nfd5
$6 10. Bg3 Bf5 11. Qf3 e6 12. Bd3 Qf6 13. Ne4 Bxe4 14. Qxe4 h5 $6 (14... Bb4+
$2 15. c3 Nxc3 16. bxc3 Bxc3+ 17. Ke2 Bxa1 18. Rxa1 $16) (14... Qd8 $142 $14)
15. h4 Qd8 16. O-O Be7 17. Rfe1 Qc8 18. c4 Nf6 19. Qe2 Nbd7 $2 (19... O-O $142
$16) 20. Nxf7 {1-0 Sokolov,A-Heinzel,O/Bad Woerishofen GER 2001/The Week in
Chess 333 (20).}) 10. Nxd5 Nxd5 11. Bd2 Nf6 (11... Qb6 12. c3 Bf5 (12... Qxb2
$2 13. Nc4 Nxc3 14. Nxb2 $16) 13. g4 $14) 12. Bc4 e6 (12... Bf5 $4 13. Bxf7#) (
12... Qxd4 $4 13. Bxf7+ Kd8 14. Nxc6+ bxc6 15. Ba5+ $18) 13. c3 Bd6 14. O-O O-O
15. Qe2 c5 16. Rad1 cxd4 17. Bg5 Qc7 (17... dxc3 $2 18. Rd3 (18. Ng4 $6 Qc7)
18... h6 19. Bxf6 gxf6 20. Ng4 f5 21. Nxh6+ Kg7 22. Rfd1 Qf6 23. Rxd6 $16) 18.
cxd4 Nd5 $1 (18... Be7 19. Rfe1 $14) 19. Bd2 (19. Bd3 {ist vermutlich
überscharf. Einige Beispielvarianten:} f6 (19... h6 20. Rc1 $14) (19... Nb4 20.
Bf6 Nd5 (20... gxf6 21. Qg4+ Kh8 22. Qh4 f5 (22... Nxd3 23. Qxf6+ Kg8 24. Rxd3
Bxe5 25. dxe5 Re8 26. Qg5+ Kf8 27. Rc1 $18) 23. Qf6+ Kg8 $11) 21. Bxh7+ Kh8 (
21... Kxh7 $2 22. Qh5+ Kg8 23. Bxg7 Kxg7 24. Qg5+ Kh7 25. Rd3 Nf4 26. Qxf4 $18)
22. Bxg7+ Kxg7 23. Qg4+ Kh8 24. Be4 f5 25. Qh5+ $11) 20. Rc1 Qe7 21. Qe4 g6 22.
Bh6 fxe5 23. dxe5 Bc5 24. Bxf8 Qxf8 25. Bc4 $132) 19... Bd7 20. Rc1 Qd8 21. Bd3
Bxe5 22. dxe5 Bc6 {nun ist eine kritische Stellung entstanden. Weiß muss sehr
genau agieren, um den Vorteil des Läuferpaares zur Geltung zu bringen.} 23.
Rfd1 $6 ({Auf} 23. Qe4 {folgt} Nf6 (23... g6 $2 24. Bh6 Re8 25. Qg4 $14) (23...
f5 $2 24. exf6 Nxf6 25. Qxe6+ Kh8 26. Qh3 $16) 24. Qe3 Qd5 $1 $11) (23. Rfe1 $1
{ist genauer, z.B.} Nb6 24. Bb4 Re8 25. Red1 Qg5 26. g3 Nd7 27. f4 Qh6 28. Be4
$14) 23... f5 $1 {Ein wichtige prophylaktische Maßnahme, die verhindert, dass
Weiß einen gefährlichen Angriff am Königsflügel erlangen kann.} 24. b3 ({
Auch nach} 24. exf6 {ist es sehr schwer, die feste schwarze Stellung zu
erschüttern. Mir gefällt dies jedoch trotzdem etwas besser als die
Partiefortsetzung.}) 24... Rf7 25. Qe1 Rd7 26. Bf1 Qe8 27. a4 Qg6 28. a5 a6 {
verhindert a5-a6, was den Halt des Läufers c6 untergraben würde.} 29. Rc5 Rad8
{bringt die letzte Figur druckvoll ins Spiel. Schwarz steht trotz des weißen
Läuferpaares auf keinen Fall schlechter.} 30. Rdc1 (30. Bxa6 $4 Ne3 31. Bf1
Nxg2 $19) 30... Ne7 (30... Ne7 31. Be3 Nd5 32. Bd2 $11 (32. Bxa6 $4 Nxe3 $19))
1/2-1/2

[Event "Recklinghausen"]
[Site "Recklinghausen"]
[Date "1998.08.31"]
[Round "7"]
[White "Georgiev, Kiril"]
[Black "Henrichs, Thomas"]
[Result "1-0"]
[WhiteElo "2675"]
[BlackElo "2445"]
[Annotator "Mueller,Karsten"]
[PlyCount "67"]
[EventDate "1998.07.25"]
[EventType "tourn"]
[EventRounds "9"]
[EventCountry "GER"]
[EventCategory "12"]
[SourceTitle "CBM 067"]
[Source "ChessBase"]
[SourceDate "1998.11.30"]
[SourceVersion "2"]
[SourceVersionDate "1998.11.01"]
[SourceQuality "1"]

{Die Partie verläuft sehr lange in theoretischen Bahnen bis Henrichs mit 19...
Dd4 einen Zug aufs Brett bringt, der bis dato noch nicht gespielt wurde 
(Matthias Wahls hat ihn in "Modernes Skandinavisch", aus dem ich im folgenden
immer wieder zitiere, allerdings bereits erwähnt):} 1. e4 {Hecht} d5 2. exd5
Qxd5 3. Nc3 Qa5 4. d4 c6 5. Bc4 Bf5 6. Nf3 Nf6 7. Bd2 e6 8. Qe2 Bb4 9. O-O-O
Nbd7 10. a3 Bxc3 11. Bxc3 Qc7 12. Ne5 Nxe5 13. dxe5 Nd5 14. Bd2 (14. Bxd5 cxd5
15. Bb4 Rc8 16. c3 {1/2-1/2 Zarnicki,P-Tempone,M/Buenos Aires 1992/EXT 92op2 
(16)}) 14... O-O-O (14... h5 $6 15. Bg5 b5 16. Bd3 Bxd3 17. Rxd3 Rb8 18. Rhd1
c5 19. Rh3 c4 20. c3 b4 21. axb4 a5 22. b5 $16 {(Wahls, S.293) 1/2-1/2
Schoenthier,F-Forchert,M/NRW-II 1996/GER 13 (51)}) 15. g4 Bg6 16. f4 h5 17. h3
Qb6 (17... hxg4 18. hxg4 Rxh1 19. Rxh1 Qb6 20. Rf1 Qd4 21. Bb3 (21. c3 Qe4 22.
f5 exf5 23. gxf5 Bxf5 24. Qxe4 Bxe4 25. Rxf7 Rh8 $13 {(Wahls) 1/2-1/2
Golubovic,B-Wahls,M/Bern 1995/EXP 46 (30)}) 21... Re8 22. Qh2 Be4 23. Re1 Rd8
24. Qe2 Bh7 $2 (24... Bg6 25. Qf3 Rh8 $132 {(Wahls)}) 25. Qf3 $1 $16 {1/2-1/2
Morovic Fernandez,I-Wahls,M/Capablanca mem-A 1996/CBM 54 (42)}) 18. Rhf1 (18.
Rdf1 hxg4 19. hxg4 Rxh1 (19... Qd4 $5 {(Wahls, S.294)}) 20. Rxh1 Qd4 21. c3 Qc5
22. b4 Qe7 23. Kb2 Qd7 24. Bc1 Nxc3 25. Kxc3 Qd4+ 26. Kb3 b5 27. Rh3 bxc4+ 28.
Qxc4 {1/2-1/2 Luther,T-Jackelen,T/BL9394 1994/BL 90 (28)}) 18... hxg4 19. hxg4
Qd4 $6 (19... Qc5 20. Bb3 Rh3 21. Rf3 Rdh8 22. Rdf1 Rh2 23. Qe1 R8h3 $5 (23...
Qd4 24. f5 exf5 25. gxf5 Bh5 26. Rd3 Qg4 27. Bxd5 (27. c4 $1 $14 {(Psakhis,
Inf 56)}) 27... Re2 $1 $11 {(Wahls) 1/2-1/2 Psakhis,L-Wahls,M/Baden Baden 1992/
CBM 33 (45)}) 24. f5 exf5 25. gxf5 Bxf5 26. Rxf5 Rxb3 27. Rxf7 $6 (27. e6 $5 {
ist laut Wahls der kritische Zug.}) 27... Ne3 $1 $40 {1/2-1/2 Darnstaedt,
F-Kuehn,P/BL2-N 1995/BL2 (52)}) (19... Rh3 20. f5 $1 (20. Rde1 Qd4 21. Ba2 $2 (
21. Bb3 $142) {[%tqu "De","Wie stellte Julian Hodgson seine Gefährlichkeit
erneut eindrucksvoll unter Beweis ?","","","h3a3","nicht so schwer zu sehen,
aber immer wieder beeindruckend...",6]} 21... Rxa3 $3 22. Bb1 (22. bxa3 Qa1+
23. Bb1 Qxa3+ 24. Kd1 Nc3#) 22... Qa4 23. f5 Ra1 24. c3 exf5 25. gxf5 Bh5 26.
Qxh5 Qa2 27. Kc2 Qc4 28. b3 Nb4+ 29. Kc1 Rxb1+ {0-1 Nijboer,F-Hodgson,J/
NLD-chT 1995/EXT 95ch (29)}) (20. Rf3 Rxf3 21. Qxf3 Qd4 22. Bb3 Be4 23. Qg3 Nb6
$11 {0-1 Mueller,M-Jackelen,T/BL9495 1995/BL 90 (47)}) 20... exf5 21. e6 $1 $40
{(John Emms in "The Scandinavian", p.21, Wahls, S.295)}) 20. f5 $6 (20. Bb3 $1
{sollte laut Wahls einfach geschehen. Nun erweist sich die Damenstellung auf
d4 als ungünstig.}) (20. Ba5 $2 Nxf4 $17) 20... exf5 21. Bg5 Qxg4 22. Bxd8 (22.
Qxg4 fxg4 23. Bxd8 Rxd8 $13 {(Wahls)}) 22... Qxe2 23. Bxe2 Rxd8 24. Bf3 Ne3 25.
Rxd8+ Kxd8 26. Rh1 Kd7 (26... Nc4 $5 27. Re1 (27. Rh8+ $2 Kd7 28. Rb8 Nxe5 29.
Rxb7+ Kc8 30. Rb3 f4 $17) 27... Ke7 $15) 27. Rh4 Ke6 28. Ra4 Ng4 $2 {ohne den
Springer hat es Schwarz sehr schwer, weil er seine verbundenen Freibauern nur
langsam in Bewegung setzen kann.} ({Mit} 28... a6 $5 29. Rb4 f4 30. Rxb7 Bxc2 {
[%csl Ge5][%cal Gg7g2] hätte Schwarz gute Chancen gehabt.}) 29. Bxg4 fxg4 30.
Rxg4 Kxe5 31. Kd2 Kf6 32. Rb4 b5 33. a4 $1 a5 $4 {[%mdl 8192] '?' Hecht.} (
33... a6 $1 34. axb5 (34. a5 {[%csl Ra6][%cal Rb4h4,Rh4h8,Rh8a8,Ra8a6] Hecht
Trotz der Schwäche von a6 ist Schwarz noch nicht chancenlos, wie die
nachfolgenden beispielhaften Abspiele zeigen:} c5 35. Rh4 Ke5 36. Rh8 Be4 37.
c4 (37. Rb8 g5 38. Rb6 g4 39. Rxa6 g3 $132) 37... bxc4 38. Ke3 f5 (38... Bc6
39. Rb8 g5 40. Rb6 Bb5 41. Rxb5 axb5 42. a6 $18) 39. Re8+ Kd6 (39... Kd5 40.
Ra8 c3 41. bxc3 Kc4 42. Rxa6 Kxc3 43. Re6 $18) (39... Kf6 40. Rb8 (40. Rc8 Ke5
41. Rxc5+ Bd5 42. Rc7 g5 43. Re7+ Kd6 44. Ra7 Ke5 45. Rxa6 f4+ 46. Kf2 g4 47.
Rg6 g3+ 48. Kg1 Kf5 49. Rg7 Kf6 $132) 40... g5 41. Rb6+ Ke5 42. Rxa6 f4+ 43.
Kf2 g4) 40. Rg8 Kd5 41. Rxg7 c3 42. bxc3 Kc4 $132 {[%csl Ra5,Rc3]}) 34... axb5
35. c4 bxc4 36. Rxc4 Ke5 37. Rxc6 Be4 {und Weiß hat gute Gewinnaussichten,
aber ganz klar ist die Sache nicht.}) {[%tqu "De","Weiß zieht und gewinnt","",
"","a4b5","",3]} 34. axb5 {'!' Hecht.} (34. axb5 axb4 (34... cxb5 35. Rxb5 a4
36. Ra5 $18) 35. b6 $18) 1-0

[Event "RUS-ch51"]
[Site "St Petersburg"]
[Date "1998.07.31"]
[Round "4"]
[White "Sakaev, Konstantin"]
[Black "Rustemov, Alexander"]
[Result "1-0"]
[WhiteElo "2635"]
[BlackElo "2570"]
[Annotator "Mueller,Karsten"]
[PlyCount "103"]
[EventDate "1998.07.28"]
[EventType "swiss"]
[EventRounds "11"]
[EventCountry "RUS"]
[SourceTitle "CBM 067"]
[Source "ChessBase"]
[SourceDate "1998.11.30"]
[SourceVersion "2"]
[SourceVersionDate "1998.11.01"]
[SourceQuality "1"]

1. e4 {Hecht} d5 2. exd5 Nf6 3. d4 Nxd5 4. c4 Nb6 5. Nc3 g6 6. Be3 Bg7 7. h3 e5
$6 {konnte ich in meiner Datenbank nicht finden.} (7... O-O {wurde dort
ausschließlich gespielt.}) 8. dxe5 Qxd1+ 9. Rxd1 Bxe5 10. c5 N6d7 11. Nf3 ({
Nach} 11. Nd5 {verfügt Schwarz noch über die Verteidigung} c6 12. f4 cxd5 13.
fxe5 Nxe5) 11... Bxc3+ 12. bxc3 O-O 13. Bc4 b6 14. O-O $1 {das entstandene
Endspiel ist wegen des großen weißen Entwicklungsvorsprungs und der schwachen
schwarzen Felder sehr unangehm für Schwarz, sollte aber haltbar sein.} Nxc5 15.
Rfe1 Ba6 16. Bxc5 bxc5 17. Bd5 c6 18. Bb3 c4 19. Ba4 Bc8 20. Ne5 (20. Re7 $5
Be6 21. Rd6 a5 22. Nd4 Bd5 23. f3 $14) 20... Be6 21. Bxc6 $5 Nxc6 22. Nxc6 Rfe8
23. f3 Kg7 24. g4 Rac8 25. Nd4 (25. Rd6 $5) 25... Bd7 26. Kf2 Rb8 27. Rxe8 Bxe8
{Hecht: '[#] Nach kräftiger Bauernreduzierung grober taktischer Schnitzer Zug
51. Daher die Patzermedaille.'} 28. Re1 Kf8 29. a3 g5 $6 (29... Rb2+ 30. Re2
Rb1 $11) 30. Re5 Rb2+ $6 31. Ke3 Ra2 $2 (31... f6 $142) 32. Ra5 Rh2 33. Rxa7
Rxh3 34. Ra8 $1 h5 35. gxh5 g4 (35... Rxh5 $2 36. Nf5 $18) 36. Rc8 (36. Nf5 $5
Rxf3+ (36... g3 37. f4 g2+ 38. Kf2 Rxc3 39. Kxg2 $18) 37. Ke4 Rxc3 38. Nd6 Ke7
39. Nxe8 {ist zwar unübersichtlich, macht aber einen vielversprechenden
Eindruck für Weiß.}) 36... Ke7 37. Rxc4 Bd7 38. Kf2 f5 39. fxg4 fxg4 40. Rc5
Kd6 41. Rg5 Rxc3 42. h6 Rh3 43. Ra5 Bc8 44. a4 Kc7 (44... Rxh6 $4 45. Nf5+ Bxf5
46. Ra6+ $18) 45. Rc5+ Kb7 46. Rc6 Bd7 47. Rg6 Bxa4 48. Rg7+ Kb6 49. h7 Bd1 50.
Nf5 Ka5 (50... Kc5 $11) (50... Bc2 $2 51. Rg6+ Kc5 52. Nh6 Rf3+ 53. Ke1 Rf8 54.
Rg8 $18) 51. Ne3 g3+ $4 {[%mdl 8192] '?' Hecht.} (51... Bf3 $11) (51... Bf3 {
Hecht} 52. Nc4+ Kb4 53. Nd6 Bd5 54. Nf7 Bxf7 55. Rxf7 Kc5 $11) 52. Kg2 1-0

[Event "Olomouc AZ Sanace Cup"]
[Site "Olomouc"]
[Date "1998.08.11"]
[Round "4"]
[White "Oral, Tomas"]
[Black "Babula, Vlastimil"]
[Result "1/2-1/2"]
[WhiteElo "2510"]
[BlackElo "2575"]
[Annotator "Mueller,Karsten"]
[PlyCount "23"]
[EventDate "1998.08.08"]
[EventType "tourn"]
[EventRounds "9"]
[EventCountry "CZE"]
[EventCategory "10"]
[SourceTitle "CBM 067"]
[Source "ChessBase"]
[SourceDate "1998.11.30"]
[SourceVersion "2"]
[SourceVersionDate "1998.11.01"]
[SourceQuality "1"]

1. e4 d5 2. exd5 Qxd5 3. Nc3 Qa5 4. d4 Nf6 5. Nf3 c6 6. Ne5 Nbd7 7. Nc4 Qc7 (
7... Qd8 8. d5 Nb8 9. Ne3 Bd7 10. Bc4 g6 11. O-O $14 {1/2-1/2 Fernandez Garcia,
J-Hodgson,J/Linares 1995/CBM 51 (56)}) 8. g3 (8. Qf3 $5 Nb6 9. Bf4 Qd8 10. Be5
$14) 8... Nb6 9. Bf4 Qd8 10. Ne5 Nbd5 11. Bd2 Nxc3 12. Bxc3 {Warum wurde die
Partie bereits an dieser Stelle remis gegeben ? Es wäre sicher interessant
gewesen zu sehen, wohin Vlastimil Babula seine Figuren entwickelt hätte.} (12.
Bxc3 Qd5 (12... Bf5) (12... Ne4 $6) ({und} 12... Be6 {wären z.B. Kandidaten
gewesen.})) 1/2-1/2

[Event "Politiken zt"]
[Site "Munkebo"]
[Date "1998.09.11"]
[Round "1.2"]
[White "Hall, Jesper"]
[Black "Gausel, Einar"]
[Result "1/2-1/2"]
[WhiteElo "2485"]
[BlackElo "2540"]
[Annotator "Mueller,Karsten"]
[PlyCount "65"]
[EventDate "1998.09.10"]
[EventType "k.o."]
[EventRounds "5"]
[EventCountry "DEN"]
[SourceTitle "CBM 067"]
[Source "ChessBase"]
[SourceDate "1998.11.30"]
[SourceVersion "2"]
[SourceVersionDate "1998.11.01"]
[SourceQuality "1"]

1. e4 d5 2. exd5 Qxd5 3. Nc3 Qd6 4. d4 Nf6 5. Bc4 a6 6. Nf3 b5 7. Bd3 Bb7 8.
Qe2 (8. O-O e6 9. Bg5 Be7 10. Qe2 Nbd7 11. Rad1 O-O 12. Rfe1 Rfe8 13. Ne5 $36 {
1-0 Gola,M-Sattler,S/GER-CupT 1993/BIG 90 (19)}) 8... Nbd7 9. a4 (9. Ne4 Nxe4
10. Bxe4 Bxe4 11. Qxe4 Rd8 12. O-O e6 13. Bf4 $14 {1/2-1/2 Gara,A-Peredy,F/
Budapest 1997/EXP 57 (48)}) 9... b4 10. Ne4 Nxe4 11. Bxe4 Bxe4 12. Qxe4 c6 13.
O-O e6 14. c4 bxc3 15. bxc3 Nf6 16. Qd3 Qc7 17. Ne5 Bd6 18. Re1 (18. Ba3 $5
Bxa3 (18... c5 $6 19. Nc4) 19. Rxa3 O-O 20. Rb3 c5 21. Rfb1 $36) 18... O-O 19.
Qh3 $6 c5 $1 20. Bg5 Nd5 21. c4 Ne7 22. Nd3 Nf5 23. dxc5 Bxc5 24. Nxc5 $6 (24.
Bf4 $142) 24... Qxc5 $15 {/-/+} 25. Rac1 Rac8 26. Qc3 h6 27. Bf4 Rfd8 28. Re4
$6 Qc6 $1 29. Rce1 Rd1 30. f3 (30. Rxe6 Qxa4 31. Rxd1 Qxd1+ 32. Re1 Rxc4 $17)
30... Qxa4 31. c5 $2 (31. Rxd1 Qxd1+ 32. Kf2 $17) 31... Rxe1+ 32. Qxe1 Qb5 33.
g4 ({Ist das Ergebnis wirklich remis und nicht 0-1 ? Fritz5 zeigt nach} 33. g4
Qxc5+ {immerhin -2.16 an, und ich sehe auch keinen Grund, sich mit Schwarz an
dieser Stelle mit einem halben Punkt zu begnügen.}) 1/2-1/2

[Event "RUS-chT 05th"]
[Site "Maikop"]
[Date "1998.06.13"]
[Round "11"]
[White "Galkin, Alexander"]
[Black "Zaitsev, Vadim"]
[Result "1/2-1/2"]
[WhiteElo "2565"]
[BlackElo "2425"]
[Annotator "Mueller,Karsten"]
[PlyCount "29"]
[EventDate "1998.06.03"]
[EventType "team-tourn"]
[EventRounds "11"]
[EventCountry "RUS"]
[SourceTitle "CBM 066"]
[Source "ChessBase"]
[SourceDate "1998.09.30"]
[SourceVersion "1"]
[SourceVersionDate "1998.09.30"]
[SourceQuality "1"]
[WhiteTeam "Maykop Universitet"]
[BlackTeam "Novokuznetsk"]
[WhiteTeamCountry "RUS"]
[BlackTeamCountry "RUS"]

1. e4 d5 2. exd5 Qxd5 3. Nc3 Qd6 4. d4 Nf6 5. Nf3 a6 6. Be3 Nc6 7. Qd2 (7. a3
Bg4 8. h3 Bh5 9. g4 Bg6 10. d5 Ne5 11. Nh4 h5 (11... Ne4 $5) 12. Nxg6 Nxg6 13.
g5 $14 {1-0 Scherer,H-Koeller,O/Hessen-Baden 1994/GER 11 (40)}) (7. d5 $2 Nb4
8. Bc4 b5 9. Bb3 Bb7 $17) 7... Bg4 (7... Bf5 8. Bc4 e6 9. O-O-O $6 b5 10. Bb3
Na5 $132 {0-1 Payen,A-Mozes,E/Budapest FS06 IM-A 1994/EXT 94 (38)}) 8. Ng5 e6 (
8... e5 $2 9. d5 Nb4 10. f3 Bf5 11. Nge4 Qd7 12. O-O-O c6 13. dxc6 Qxd2+ 14.
Rxd2 Bxe4 15. Nxe4 Nxc6 16. Nxf6+ gxf6 17. Bd3 $16 {1-0 Karpov,A-Lutikov,A/URS
Spartakiad 1979/MCD-ch (28)}) 9. f3 Bf5 10. a3 (10. Nge4 Nxe4 11. Nxe4 $6 (11.
fxe4 Bg6 12. O-O-O O-O-O 13. Qf2 $14) 11... Qd7 12. O-O-O Nb4 13. a3 Nd5 14.
Bf2 Be7 15. c4 Nf6 $132 {0-1 Ghinda,M-Mozes,E/ROM-chT 1994/EXT 94ch (37)})
10... Be7 11. Bd3 Bxd3 12. Qxd3 Nd5 13. Nge4 Qd7 14. Nxd5 exd5 15. Nf2 1/2-1/2

[Event "Krynica zt"]
[Site "Krynica"]
[Date "1998.09.06"]
[Round "4"]
[White "Todorov, Todor"]
[Black "Kaminski, Marcin"]
[Result "0-1"]
[WhiteElo "2420"]
[BlackElo "2530"]
[Annotator "Mueller,Karsten"]
[PlyCount "154"]
[EventDate "1998.09.02"]
[EventType "swiss"]
[EventRounds "9"]
[EventCountry "POL"]
[SourceTitle "CBM 067"]
[Source "ChessBase"]
[SourceDate "1998.11.30"]
[SourceVersion "2"]
[SourceVersionDate "1998.11.01"]
[SourceQuality "1"]

1. e4 {Hecht} d5 2. exd5 Nf6 3. d4 Nxd5 4. Nf3 Bf5 5. Bd3 Bxd3 6. Qxd3 c6 7. c4
Nf6 8. O-O e6 9. Nc3 Be7 10. Bg5 (10. Bf4 Nbd7 11. Rad1 O-O 12. Rfe1 Re8 13. h3
$14 {1/2-1/2 Jakobsen,O-Blom,K/DEN-ch Aarhus 1966/MCD-ch (36)}) (10. b3 O-O 11.
Bb2 Nbd7 12. Rad1 Qc7 13. Rfe1 Rfe8 14. Ne5 Nxe5 $5 (14... Rad8 15. f4 $14 {
1/2-1/2 Jacoby,G-Lieff,H/BL8182 1982/BL 80 (64)}) 15. dxe5 Red8 16. Qg3 Ne8 17.
Qe3 Rxd1 18. Rxd1 Rd8 $11 {/+/= Kotronias,V-Tzermiadianos,A/Ikaria 1997/Inf 70
(18)}) 10... O-O 11. Rad1 Nbd7 12. Rfe1 Re8 (12... h6 13. Bh4 Re8 14. Ne5 Qc7
15. Bg3 Nxe5 16. Bxe5 Qd7 17. Qg3 Red8 18. d5 $36 {1/2-1/2 Boensch,U-Zoltek,T/
Lodz 1979/MCD-r7 (60)}) 13. d5 $5 {Weiß versucht seinen Entwicklungsvorsprung
durch Öffnung der Mitte sofort zur Geltung zu bringen. Allerdings dürften die
schwarzen Resourcen bei genauer Verteidigung ausreichen.} exd5 14. cxd5 Qb6 $1
(14... cxd5 $2 15. Nxd5 Nxd5 (15... Rc8 $2 16. Rxe7 $1 Rxe7 17. Bxf6 gxf6 18.
Nxf6+ Nxf6 19. Qxd8+ Rxd8 20. Rxd8+ $16 {/+-}) 16. Qxd5 Bxg5 17. Nxg5 Re7 18.
Nf3 $16) 15. dxc6 (15. d6 {ist äußerst riskant, weil der Bauer in einigen
Varianten eher schwach als stark ist, z.B.} Bf8 16. Rxe8 (16. Bxf6 $6 Rxe1+ 17.
Rxe1 Nxf6 18. Ne5 Qc5 $15) 16... Rxe8 17. Bxf6 Nxf6 18. d7 Rd8 19. Ne5 Qxb2 20.
Rb1 Qa3 21. Rxb7 $13) 15... Qxc6 16. Nd4 Qb6 17. Nf5 Bf8 18. Qg3 {droht Sh6+,
daher} Kh8 19. Rxe8 $6 {überläßt Schwarz die e-Linie} Rxe8 20. h3 (20. b3 Qa5
$15) 20... Qxb2 21. Qc7 $2 (21. Rb1 $1 Qa3 (21... Qc2 22. Nd4 Qg6 23. Rxb7 $11)
22. Rxb7 Qc5 23. Bxf6 Nxf6 24. Qf3 $11) 21... Qb6 $2 (21... Bc5 $142 $1 $17)
22. Rxd7 Nxd7 23. Qxd7 Qe6 (23... Re1+ 24. Kh2 Qxf2 $6 25. Qxf7 Qg1+ 26. Kg3
Qc5 27. Nd5 $40) 24. Qd3 (24. Qxe6 {kam auch in Betracht, obwohl der Turm auch
hier nicht unterschätzt werden darf.}) 24... Qe1+ 25. Kh2 Qxf2 26. Bh4 $2 (26.
Qd7 $1 Re5 27. Qd8 Kg8 28. Ne7+ Rxe7 29. Bxe7 Qf4+ 30. Kh1 Qf1+ $11) 26... Qb6
27. Ne4 Qa6 $5 28. Qc2 Qc6 29. Qxc6 bxc6 30. Nfd6 Bxd6+ 31. Nxd6 Re2 32. Nxf7+
Kg8 33. Nd8 c5 34. Nc6 Rxa2 35. Kg1 c4 $2 (35... a5 $1 $19) 36. Be1 $1 {
[%csl Ga5,Gc3]} Ra6 $2 (36... a6 $142) 37. Ne5 $6 (37. Na5 $5 Re6 38. Kf2 Re4
39. Bc3 $15) 37... Ra4 38. Kf2 a5 39. Ke3 Ra2 40. Nxc4 a4 41. Bd2 Ra1 42. Bb4
Rg1 43. Kf3 Rb1 44. Bd6 $6 (44. Ba3 $1 Kf7 45. Ke4 Ke6 46. Ne3 $15) 44... Kf7
45. Na3 $2 {der Springer ist in diesem Fall die falsche Blockadefigur, da sein
Aktionsradius zu sehr eingeschränkt ist.} (45. Ba3 $142) 45... Rb3+ 46. Ke2 Ke6
47. Bf8 Kd5 48. Kf2 g6 49. Kg1 Ke4 50. Kh2 Kd3 51. Be7 Ke2 52. h4 Kf1 53. Nc4
Rc3 54. Nd2+ (54. Na3 Re3 55. Bc5 Re2 56. Kg3 Rxg2+ 57. Kf3 Rh2 58. Kg3 Rd2 $19
) 54... Ke2 55. Nb1 Re3 56. Bf8 Rd3 57. Be7 Kf1 58. g4 Kf2 59. h5 Kf3 60. hxg6
hxg6 61. g5 Kg4 62. Bf6 (62. Kg2 Re3 63. Bc5 Rb3 64. Na3 Rb2+ 65. Kf1 Kxg5 $19)
62... a3 63. Nxa3 Rxa3 64. Kg2 Ra2+ 65. Kg1 Rc2 {[%mdl 4096] das folgende
Manöver, mit dem Schwarz den letzten weißen Bauern erobert, ist recht
instruktiv, daher die Medaille. Hecht: 'Schwarz muß den Bg5 so doppelt
angreifen, ohne daß der weiße König via g2 und g3 zur Remisopposition kommen
kann.'} (65... Ra5 $6 66. Kg2 Rxg5 $4 {'?' Hecht.} 67. Bxg5 Kxg5 68. Kg3 $1 $11
{'=' Hecht.}) 66. Bd8 (66. Be7 Kg3 (66... Re2 {Hecht} 67. Bf6 (67. Bd8 Kg3 68.
Bc7+ Kf3 69. Bd8 Rg2+ 70. Kh1 (70. Kf1 Rd2 $19) 70... Kg3 71. Bf6 Kh3 72. Be7
Re2 73. Bb4 Rb2 $19) 67... Kg3 68. Kf1 Rd2 69. Be5+ (69. Be7 Rd1+ 70. Ke2 Rb1
71. Bf6 Kg2 72. Ke3 Rf1 73. Ke2 Rf5 74. Ke3 Kg3 75. Ke4 Kg4 $19 {[%csl Rg5]}) (
69. Ke1 Rf2 70. Be5+ Kg2 71. Bf6 Rf5 $19 {[%cal Gg2g3,Gg3g4]}) 69... Kf3 $19)
67. Bd6+ Kf3 68. Be7 Rg2+ 69. Kf1 Rd2 70. Kg1 Kg3 71. Kf1 Rf2+ 72. Kg1 Re2 73.
Bd6+ Kg4 $19) 66... Kg3 67. Kf1 Rf2+ 68. Kg1 Rd2 69. Bc7+ Kg4 70. Bb6 Rd1+ 71.
Kg2 Kxg5 72. Kg3 Rd3+ 73. Kg2 Kg4 74. Bc7 Rd2+ 75. Kg1 Rc2 76. Bb8 Kf3 77. Ba7
g5 0-1